|
|
|
|
| LEADER |
00000nam a22000007a 4500 |
| 005 |
20210702120852.0 |
| 007 |
cr|||| |||| |
| 008 |
210702s2014 co |||||s|||| 00||0 spa d |
| 020 |
|
|
|a 978-958-762-194-5
|
| 035 |
|
|
|a 33326
|
| 040 |
|
|
|a vLex
|
| 090 |
|
|
|c 11841
|d 11841
|
| 100 |
1 |
|
|a Escribano Navas, Mara̕
|
| 245 |
1 |
0 |
|a Anl̀isis contable y financiero
|h [Recurso electrn̤ico] /
|c Mara̕ Escribano Navas, Alicia Jimňez Garca̕
|
| 256 |
|
|
|a Servicio en ln̕ea
|
| 260 |
|
|
|a Bogot:̀
|b Ediciones de la U,
|c 2014
|
| 300 |
|
|
|a 1 recurso electrn̤ico
|
| 500 |
|
|
|a El objetivo de este libro es alcanzar los conocimientos necesarios para el anl̀isis patrimonial, financiero y econm̤ico de las cuentas anuales, utilizando para este diagns̤tico los indicadores ms̀ usuales en los cuadros de mando de direccin̤ y gestin̤. En la primera parte se estudian cada una de las cuentas anuales, mediante aplicaciones prc̀ticas, desgranando cada uno de sus componentes. Y en la segunda parte se abordan los principales ratios de gestin̤, analizando las diversas r̀eas desde las que estudiar la empresa: endeudamiento y capitalizacin̤, solvencia a corto plazo, fondo de maniobra, capacidad de generar beneficios, rentabilidad.
|
| 506 |
1 |
|
|a Disponible solo en los productos indicados
|d vLex Global
|d vLex Global (Academic Edition, excluding Law Schools)
|d vLex Global (U.S. Academic Edition, Law Schools)
|d vLex Global (U.S. Academic Edition, excluding Law Schools)
|d vLex Global (Academic Edition, Law Schools)
|
| 650 |
0 |
4 |
|a Contabilidad
|z Colombia
|
| 650 |
0 |
4 |
|a Banca y finanzas
|z Colombia
|
| 700 |
1 |
|
|a Jimňez Garca̕, Alicia
|
| 740 |
0 |
|
|a vLex Libros (Servicio en ln̕ea)
|
| 856 |
4 |
0 |
|u https://vlex.com/source/analisis-contable-y-financiero-33326
|z Acceso restringido
|
| 942 |
|
|
|c BOOK
|
| 999 |
0 |
|
|a Accounting
|
| 999 |
0 |
|
|a Banking and finance
|